Klicke schnell, um Deutschland zu retten! - Statistiken

Allgemein
  • Dieses Quiz wurde 943 mal gespielt
  • Das Durchschnittsergebnis liegt bei 110 aus 169
Antwortstatistiken
Hint Extra Hint Antwort % Korrekt
0 Berlin Rette sie!
97%
1 Mio Berlin Rette sie!
97%
1,5 Mio Berlin Rette sie!
97%
2 Mio Berlin Rette sie!
97%
3,5 Mio Berlin + Brandenburg Rette sie!
97%
0,5 Mio Berlin Rette sie!
96%
2,5 Mio Berlin Rette sie!
96%
3 Mio Berlin Rette sie!
96%
4 Mio Brandenburg Rette sie!
96%
4,5 Mio Brandenburg Rette sie!
95%
5 Mio Brandenburg Rette sie!
95%
5,5 Mio Brandenburg Rette sie!
95%
6 Mio Brandenburg + Mecklenburg-Vorpommern Rette sie!
95%
6,5 Mio Mecklenburg-Vorpommern Rette sie!
95%
7 Mio Mecklenburg-Vorpommern Rette sie!
94%
7,5 Mio Mecklenburg-Vorpommern Rette sie!
94%
8 Mio Schleswig-Holstein Rette sie!
94%
8,5 Mio Schleswig-Holstein Rette sie!
94%
9 Mio Schleswig-Holstein Rette sie!
93%
9,5 Mio Schleswig-Holstein Rette sie!
93%
10 Mio Schleswig-Holstein Rette sie!
93%
10,5 Mio Schleswig-Holstein Rette sie!
93%
11 Mio Hamburg Rette sie!
92%
11,5 Mio Hamburg Rette sie!
92%
12 Mio Hamburg Rette sie!
91%
12,5 Mio Hamburg + Bremen Rette sie!
91%
13 Mio Bremen Rette sie!
91%
13,5 Mio Niedersachsen Rette sie!
91%
14 Mio Niedersachsen Rette sie!
91%
14,5 Mio Niedersachsen Rette sie!
91%
15 Mio Niedersachsen Rette sie!
91%
15,5 Mio Niedersachsen Rette sie!
90%
16 Mio Niedersachsen Rette sie!
90%
16,5 Mio Niedersachsen Rette sie!
90%
17 Mio Niedersachsen Rette sie!
90%
17,5 Mio Niedersachsen Rette sie!
89%
18 Mio Niedersachsen Rette sie!
89%
18,5 Mio Niedersachsen Rette sie!
89%
19 Mio Niedersachsen Rette sie!
89%
19,5 Mio Niedersachsen Rette sie!
89%
20 Mio Niedersachsen Rette sie!
88%
20,5 Mio Niedersachsen Rette sie!
88%
21 Mio Niedersachsen Rette sie!
88%
21,5 Mio Niedersachsen Rette sie!
88%
22 Mio Nordrhein-Westfalen Rette sie!
88%
22,5 Mio Nordrhein-Westfalen Rette sie!
88%
23 Mio Nordrhein-Westfalen Rette sie!
88%
23,5 Mio Nordrhein-Westfalen Rette sie!
87%
24 Mio Nordrhein-Westfalen Rette sie!
87%
24,5 Mio Nordrhein-Westfalen Rette sie!
87%
25 Mio Nordrhein-Westfalen Rette sie!
87%
25,5 Mio Nordrhein-Westfalen Rette sie!
86%
26 Mio Nordrhein-Westfalen Rette sie!
86%
28,5 Mio Nordrhein-Westfalen Rette sie!
86%
26,5 Mio Nordrhein-Westfalen Rette sie!
85%
27 Mio Nordrhein-Westfalen Rette sie!
85%
27,5 Mio Nordrhein-Westfalen Rette sie!
85%
28 Mio Nordrhein-Westfalen Rette sie!
85%
29 Mio Nordrhein-Westfalen Rette sie!
85%
30,5 Mio Nordrhein-Westfalen Rette sie!
85%
29,5 Mio Nordrhein-Westfalen Rette sie!
84%
30 Mio Nordrhein-Westfalen Rette sie!
84%
31 Mio Nordrhein-Westfalen Rette sie!
84%
31,5 Mio Nordrhein-Westfalen Rette sie!
84%
32 Mio Nordrhein-Westfalen Rette sie!
84%
32,5 Mio Nordrhein-Westfalen Rette sie!
83%
33 Mio Nordrhein-Westfalen Rette sie!
83%
33,5 Mio Nordrhein-Westfalen Rette sie!
82%
34 Mio Nordrhein-Westfalen Rette sie!
82%
34,5 Mio Nordrhein-Westfalen Rette sie!
81%
35 Mio Nordrhein-Westfalen Rette sie!
81%
35,5 Mio Nordrhein-Westfalen Rette sie!
80%
36 Mio Nordrhein-Westfalen Rette sie!
80%
36,5 Mio Nordrhein-Westfalen Rette sie!
79%
37 Mio Nordrhein-Westfalen Rette sie!
79%
37,5 Mio Nordrhein-Westfalen Rette sie!
79%
38 Mio Nordrhein-Westfalen Rette sie!
78%
38,5 Mio Nordrhein-Westfalen Rette sie!
77%
39 Mio Nordrhein-Westfalen Rette sie!
77%
39,5 Mio Nordrhein-Westfalen Rette sie!
77%
40 Mio Nordrhein-Westfalen + Rheinland-Pfalz Rette sie!
76%
40,5 Mio Rheinland-Pfalz Rette sie!
76%
41 Mio Rheinland-Pfalz Rette sie!
76%
41,5 Mio Rheinland-Pfalz Rette sie!
75%
42 Mio Rheinland-Pfalz Rette sie!
75%
42,5 Mio Rheinland-Pfalz Rette sie!
74%
43 Mio Rheinland-Pfalz Rette sie!
74%
43,5 Mio Rheinland-Pfalz Rette sie!
74%
44 Mio Rheinland-Pfalz Rette sie!
74%
44,5 Mio Saarland Rette sie!
73%
45 Mio Saarland Rette sie!
73%
45,5 Mio Hessen Rette sie!
73%
46 Mio Hessen Rette sie!
72%
46,5 Mio Hessen Rette sie!
72%
47 Mio Hessen Rette sie!
71%
47,5 Mio Hessen Rette sie!
71%
48 Mio Hessen Rette sie!
70%
48,5 Mio Hessen Rette sie!
70%
49 Mio Hessen Rette sie!
68%
49,5 Mio Hessen Rette sie!
67%
50 Mio Hessen Rette sie!
67%
50,5 Mio Hessen Rette sie!
67%
51 Mio Hessen Rette sie!
66%
51,5 Mio Hessen + Baden-Württemberg Rette sie!
66%
52 Mio Baden-Württemberg Rette sie!
65%
52,5 Mio Baden-Württemberg Rette sie!
64%
53 Mio Baden-Württemberg Rette sie!
63%
53,5 Mio Baden-Württemberg Rette sie!
62%
54 Mio Baden-Württemberg Rette sie!
61%
54,5 Mio Baden-Württemberg Rette sie!
60%
55 Mio Baden-Württemberg Rette sie!
59%
55,5 Mio Baden-Württemberg Rette sie!
58%
56 Mio Baden-Württemberg Rette sie!
58%
56,5 Mio Baden-Württemberg Rette sie!
56%
57 Mio Baden-Württemberg Rette sie!
56%
57,5 Mio Baden-Württemberg Rette sie!
55%
58 Mio Baden-Württemberg Rette sie!
55%
58,5 Mio Baden-Württemberg Rette sie!
54%
59 Mio Baden-Württemberg Rette sie!
53%
59,5 Mio Baden-Württemberg Rette sie!
52%
60 Mio Baden-Württemberg Rette sie!
50%
60,5 Mio Baden-Württemberg Rette sie!
49%
61 Mio Baden-Württemberg Rette sie!
48%
61,5 Mio Baden-Württemberg Rette sie!
47%
62 Mio Baden-Württemberg Rette sie!
46%
62,5 Mio Baden-Württemberg Rette sie!
44%
63 Mio Thüringen Rette sie!
43%
63,5 Mio Thüringen Rette sie!
43%
64 Mio Thüringen Rette sie!
41%
64,5 Mio Thüringen Rette sie!
40%
65 Mio Thüringen + Sachsen-Anhalt Rette sie!
39%
65,5 Mio Sachsen-Anhalt Rette sie!
38%
66 Mio Sachsen-Anhalt Rette sie!
37%
66,5 Mio Sachsen-Anhalt Rette sie!
36%
67 Mio Sachsen-Anhalt Rette sie!
34%
67,5 Mio Sachsen Rette sie!
33%
68 Mio Sachsen Rette sie!
32%
68,5 Mio Sachsen Rette sie!
31%
69 Mio Sachsen Rette sie!
30%
69,5 Mio Sachsen Rette sie!
29%
70 Mio Sachsen Rette sie!
28%
70,5 Mio Sachsen Rette sie!
26%
71 Mio Sachsen Rette sie!
26%
71,5 Mio Bayern Rette sie!
25%
72 Mio Bayern Rette sie!
24%
72,5 Mio Bayern Rette sie!
24%
73 Mio Bayern Rette sie!
22%
73,5 Mio Bayern Rette sie!
22%
74 Mio Bayern Rette sie!
21%
74,5 Mio Bayern Rette sie!
20%
75 Mio Bayern Rette sie!
19%
75,5 Mio Bayern Rette sie!
18%
76 Mio Bayern Rette sie!
17%
76,5 Mio Bayern Rette sie!
15%
77 Mio Bayern Rette sie!
15%
77,5 Mio Bayern Rette sie!
15%
78 Mio Bayern Rette sie!
15%
78,5 Mio Bayern Rette sie!
15%
79 Mio Bayern Rette sie!
14%
79,5 Mio Bayern Rette sie!
14%
80 Mio Bayern Rette sie!
13%
80,5 Mio Bayern Rette sie!
13%
81 Mio Bayern Rette sie!
13%
81,5 Mio Bayern Rette sie!
13%
82 Mio Bayern Rette sie!
13%
82,5 Mio Bayern Rette sie!
12%
83 Mio Bayern Rette sie!
11%
83,5 Mio Bayern Rette sie!
11%
84 Mio Bayern Rette sie!
10%
Keine übereinstimmenden Quizze gefunden
Verteilung der Resultate
Anzahl Personen mit jedem Resultat
Perzentil nach korrekt beantworteten Fragen
Ihre Resultats-Entwicklung
Sie haben dieses Quiz noch nicht gespielt